Statistics for Danish food quiz

Click here to take the quiz!

General Stats

  • This quiz has been taken 7 times
  • The average score is 10 of 15

Answer Stats

HintAnswer% Correct
Danish christmas dessert, made of riceRis a la mande
100%
Danish porridge, the name is often used as a tongue twister for foreign peopleRød grød med fløde.
100%
Danish puff pastry filled with chicken and asparagustarteletter
100%
Danish lemon cake, can be bought in a normal grocery store. Named after it's flavor and shape.Citronmåne
83%
Danish meatballFrikadeller
83%
Danish pastry, raspberry jam sandwiched in-between two square cookies. Topped with icing and sprinkles.Hindbærsnitter
83%
Danish Sourdough breadRugbrød
83%
Danish rye bread with a lot of toppings. Such as ham, pork, salami, egg and fish fillets.Smørrebrød
83%
Danish bread with fish fillets, shrimps, asparagus and sauce.Stjerneskud
83%
Danish leek, cooked in a breaded meatball.Farseret porre
50%
Danish christmas cookie topped with cannamon and sugar.Jødekager
50%
Danish pork belly, sometimes breaded sometimes not. National dish.Stegt flæsk.
50%
Danish breaded hamburger, circle shaped. Inspired by Italy.Karbonader
33%
Danish breaded hamburger, oval shaped. Inspired by France.Krebinetter
33%
Danish pastry, whipped cream and jam sandwiched in-between two sugar cookies, and topped with icing and sometimes sprinkles.Medaljer
17%

Score Distribution

Percentile by Number Answered

Percent of People with Each Score

Your Score History

You have not taken this quiz